Polyfunkčná zóna, Praga-Poludnie, Varšava, Poľsko

Salvato in:
Dettagli Bibliografici
Autore principale: Zajac, Matúš (Autore)
Altri autori: Pilař, Pavol (Relatore della tesi)
Natura: Manoscritto Libro
Lingua:slovacco
Pubblicazione: 2022
Soggetti:
Accesso online:http://is.stuba.sk/zp/portal_zp.pl?podrobnosti=164107
https://opac.crzp.sk/?fn=detailBiblioForm&sid=D9F0BB0A8DA9926980A798D31B33
Tags: Aggiungi Tag
Nessun Tag, puoi essere il primo ad aggiungerne!!

MARC

LEADER 00000ntm a22000003a 4500
001 stuzp88712
003 SK-STU
005 20230510101351.3
007 ta
008 150427s2015----xo-----f-mn---000-0-slo-d
040 |a STU  |b slo 
041 0 |a slo 
100 1 |a Zajac, Matúš  |u 010310  |4 aut  |U SvF Stavebná fakulta  |T SvF Katedra architektúry  |X 87246  |U V181|V310  |Y 19  |7 87246 
242 0 1 |a Polyfunctional area, Praga-Poludnie, Warsaw, Poland  |y eng 
245 1 0 |a Polyfunkčná zóna, Praga-Poludnie, Varšava, Poľsko 
260 |c 2022 
650 4 |a študentské ubytovanie  |2 slo 
650 4 |a študentská súťaž  |2 slo 
650 4 |a bývalá továrenská budova  |2 slo 
650 4 |a Varšava  |2 slo 
650 4 |a student accomodation  |2 eng 
650 4 |a former factory  |2 eng 
650 4 |a student competition  |2 eng 
650 4 |a Warsaw  |2 eng 
700 1 |a Pilař, Pavol  |u 010310  |k Z1  |4 ths  |U SvF Stavebná fakulta  |T SvF Katedra architektúry  |X 59136  |U V181|V310  |Y 19  |7 A000059136 
856 4 |u http://is.stuba.sk/zp/portal_zp.pl?podrobnosti=164107 
856 4 |u https://opac.crzp.sk/?fn=detailBiblioForm&sid=D9F0BB0A8DA9926980A798D31B33